000
00275nam a22001217a 4500
020
_a
9781111534639
100
_a
keller gerald
245
_a
managerial statistics
250
_a
9th ed
260
_b
SOUTH WESTERN cengage LEARNING
_c
2012
300
_a
921
_b
ILL
942
_c
BK
999
_c
251648
_d
251648